| 000 | 01046nac a22002891u 4500 | ||
|---|---|---|---|
| 003 | EG-ScBUE | ||
| 005 | 20220328102727.0 | ||
| 008 | 121106s2006 ua f 000 0bara d | ||
| 020 | _a9770911445 | ||
| 040 |
_aEG-ScBUE _bara _erda _cEG-ScBUE _dEG-ScBUE |
||
| 082 | 0 | 4 |
_a892.78603 _bغ ي ط _222 |
| 100 | 1 |
_aالغيطاني، جمال، _d1945-2015، _eمؤلف. _98292 |
|
| 245 | 1 | 2 |
_aالمجالس المحفوظية / _cجمال الغيطاني. |
| 250 | _aالطبعة الأولى. | ||
| 264 | 1 |
_aالقاهرة : _bدار الشروق، _c2006. |
|
| 300 |
_a319 صفحة ؛ _c18 سم |
||
| 336 |
_2rdacontent _aنص _btxt |
||
| 337 |
_2rdamedia _aبدون وسيط _bn |
||
| 338 |
_2rdacarrier _aمجلد _bnc |
||
| 600 | 1 | 7 |
_aمحفوظ، نجيب، _d1911-2006. _2BUEsh _931259 |
| 650 | 7 |
_aالأدباء المصريون _vتراجم. _2BUEsh |
|
| 650 | 7 |
_aالأدباء العرب _vتراجم. _2BUEsh _931260 |
|
| 651 | _2BUEsh | ||
| 653 |
_bARALIT _cMarch2022 |
||
| 655 |
_vReading book _934232 |
||
| 942 |
_cBB _k892.78603 غ ي ط _2ddc |
||
| 999 |
_c5955 _d5955 |
||